El pensamiento social y político Iberoamericano del siglo XIX
Salvato in:
| Autore principale: | |
|---|---|
| Natura: | Libro |
| Lingua: | spagnolo |
| Pubblicazione: |
Madrid
Trotta
2000
Madrid Consejo Superior de Investigaciones Científicas 2000 |
| Edizione: | 1a. ed |
| Serie: | Enciclopedia Iberoamericana de Filosofía, 22
|
| Soggetti: | |
| Tags: |
Aggiungi Tag
Nessun Tag, puoi essere il primo ad aggiungerne!!
|
MARC
| LEADER | 00000cam a2200000 a 4500 | ||
|---|---|---|---|
| 001 | UCE8491 | ||
| 003 | CL-VaPUC | ||
| 008 | 150806e20000000sp |||||||||||||||||spa|d | ||
| 020 | |a 8481644013 | ||
| 082 | 0 | 4 | |a 303.4 |b ROI |2 21 |
| 100 | 0 | |a Roig, Arturo Andrés |e author |9 581189 | |
| 245 | 1 | 3 | |a El pensamiento social y político Iberoamericano del siglo XIX |
| 250 | |a 1a. ed | ||
| 300 | |a 373 p | ||
| 942 | |c BK | ||
| 945 | |d 20150806 12:27:00 |a gsalatino | ||
| 260 | |a Madrid |b Trotta |c 2000 | ||
| 260 | |a Madrid |b Consejo Superior de Investigaciones Científicas |c 2000 | ||
| 650 | 0 | |a Cambio social |9 256857 | |
| 650 | 0 | |a Conflictos sociales |9 372024 | |
| 650 | 7 | |a FILOSOFIA POLITICA |2 CL-VaPUC |9 581190 | |
| 650 | 0 | |a Filosofía social |9 268191 | |
| 651 | 0 | |a Iberoamérica |9 329125 | |
| 583 | |a last modification |c 20160913 04:47:03 |k Rodrigo Vera | ||
| 490 | 0 | |a Enciclopedia Iberoamericana de Filosofía, 22 | |
| 999 | |c 360336 |d 360334 | ||
| 952 | |0 0 |1 0 |3 erb |4 0 |6 303_400000000000000_ROI_2000_2000 |7 0 |8 A |9 470063 |a BIBEDU |b BIBEDU |i 519301K |o 303.4 ROI 2000 2000 |p 519301K |r 2019-11-23 |w 2019-11-23 |y BK |z Catalogado en:20150806 |k FIL | ||